000 00691cab a2200217 4500
001 ABS49656
008 090401t1993 xxu||||| |||| 00| 0 eng d
035 _a(Sirsi) u72153
041 _aeng
245 _aBelgravia and Bermondsey
260 _c1993
350 _a0
490 _aEstates Gazette
_v(9345) 13 November 1993, 125(1)
520 _aA "Mainly for Students" article which considers the question: to what extent is the character of a neighbourhood important in the law of nuisance? References to caselaw.
650 _aCOMPENSATION
650 _aGILLINGHAM BC V MEDWAY (CHATHAM) DOCK CO LTD
650 _aNUISANCE
690 _aLAW
942 _n0
948 _c04/03/1997
999 _c45543
_d45543